000 00683nam a2200181Ia 4500
008 100921s9999 xx 000 0 und d
082 _b17962
_a613 ढ 91
100 _aसाठे श.म.
245 _aओळखा आपली प्रकृती.
260 _bसागर प्रकाशन,पुणे.
_c1891
300 _a56
_b---
365 _b4
520 _aतंत्रविज्ञान-आहार-आरोग्य.
630 _aओळखा आपली प्रकृती.
650 _aतंत्रविज्ञान-आहार-आरोग्य.
730 _aओळखा आपली प्रकृती.
942 _cBOOK
999 _c767075
_d767072